LEADER 01100nam a2200253 i 4500 001 000000341806 003 CaOOAMICUS 005 20200831111716.0 008 200831s2018 it u000 u ita u 013 $a228152 040 $aSeMil$bita 100 1 $aFiorentino, Ezia <1911-2009>.$0(OLS)http://semarc/name/91240 245 10$aPreghiera delle missionarie del Sacerdozio Regale di Cristo /$cEzia Fiorentino. 260 $a[S.l. :$bs.n.],$c2018. 300 $a37 p. :$bill. ;$c21 cm. 500 $aAi pie' del front : Lezioni tenute durante gli Esercizi Spirituali anno 1962 600 14$aFiorentino, Ezia <1911-2009>.$0(OLS)http://semarc/subject/36841 650 4$aMissionarie del Sacerdozio Regale.$0(OLS)http://semarc/subject/10321 850 $aSeMil 852 $aSeMil$W1$xVenegono$y1$m5D XII 27/36$j221258$B232844$CSeMilBibl$Z2$F232844 $81 961 $aOmaggio Passoni don Cristiano 996 $6245$aPreghiera delle missionarie del Sacerdozio Regale di Cristo$9(OLS)http://semarc/title/430698 996 $6260$a[S.l. :$bs.n.]$9(OLS)http://semarc/publisher/29751 LEADER 01074nam a2200241 i 4500 001 000000179100 003 CaOOAMICUS 005 20250825160054.0 008 090429s1988 xxk u000 u mul u 040 $aSeMil$bita 245 10$a6: Tristia ; Ex Ponto /$cwith an english translation by Arthur Leslie Wheeler. 250 $aSecond edition / revised by G. P. Goold. 300 $aXLIV, 511 p. 490 1 $aThe Loeb Classical Library ;$v151 700 1 $aWheeler, Arthur Leslie.$0(OLS)http://semarc/name/9470 700 1 $aGoold, George Patrick.$0(OLS)http://semarc/name/93661 773 0 $aOvidius Naso, Publius <43 a.C.-17 d.C.>$tOvid.$dCambridge, Massachusetts : Harvard University Press ; London : Heinemann, 1985-$g6$w()21192 830 4$aThe Loeb Classical Library ;$v151.$0(OLS)http://semarc/title/26868 850 $aSeMil 852 $aSeMil$W1$xVenegono$y1$m1Y I 17/2$j260861$B129865$CSeMilBibl$Z2$F141389 $81 961 $aOmaggio: Villa don Cesare 996 $6245$a6: Tristia ; Ex Ponto$9(OLS)http://semarc/title/257195